10 najbiedniejszych stanów USA według mediany dochodów - Statystyki

Ogólne statystyki
  • Ten quiz został rozwiązany 70 razy
    26 od ostatniego zresetowania
  • Średni wynik to 6 z 10
Statystyki odpowiedzi
$ Stan % Poprawnych
59 674 Alabama
77%
55 416 Luizjana
73%
52 719 Missisipi
73%
55 432 Arkansas
65%
64 811 Missouri
62%
59 726 Nowy Meksyk
58%
59 341 Kentucky
54%
59 673 Oklahoma
42%
64 115 Karolina Południowa
31%
54 329 Wirginia Zachodnia
31%
Nie znaleziono quizów pasujących do podanych kryteriów
Rozkład punktacji
Procent ludzi z każdym wynikiem
Percentyl według liczby udzielonych odpowiedzi
Twoja historia wyników
Nie rozwiązałeś tego quizu od ostatniego zresetowania